Za hlubší poznání díla Bohuslava Martinů : připomínka k plánování koncertů našich orchestrů

Main Author: Blatný, Pavel, 1931-2021
Language: Czech
Published: Brno : [s.n.], 1958
Physical Description: 4 s.
Book
Saved in:
LEADER 00596nam a22001692a 4500
001 000386806
003 CZ BrMZK
005 20031103111628.0
008 010907s1958 xr f cze d
040 |a BOA001  |b cze  |c BOA001 
100 1 |a Blatný, Pavel,  |d 1931-2021  |7 jn19981000279  |4 cmp 
245 1 0 |a Za hlubší poznání díla Bohuslava Martinů :  |b připomínka k plánování koncertů našich orchestrů 
260 |a Brno :  |b [s.n.],  |c 1958 
300 |a 4 s. 
910 |a BOA001  |b X2-0421.677 
990 |a BK 
996 6 |b 2619804153  |c X2-0421.677  |l MZK  |r Sklad / do 24 hodin  |n 8  |w 000386806  |u 000010  |a 1  |e BOA001  |j MZK50  |s P